The Fieldworker and the field : (Record no. 1299)
[ view plain ]
| 000 -LEADER | |
|---|---|
| fixed length control field | 00944cam a2200289 i 4500 |
| 001 - CONTROL NUMBER | |
| control field | 407808 |
| 003 - CONTROL NUMBER IDENTIFIER | |
| control field | OSt |
| 005 - DATE AND TIME OF LATEST TRANSACTION | |
| control field | 20230619130350.0 |
| 008 - FIXED-LENGTH DATA ELEMENTS--GENERAL INFORMATION | |
| fixed length control field | 800605s1979 ii b 001 0 eng |
| 010 ## - LIBRARY OF CONGRESS CONTROL NUMBER | |
| LC control number | 79907268 |
| 020 ## - INTERNATIONAL STANDARD BOOK NUMBER | |
| Terms of availability | Rs70.00 |
| 040 ## - CATALOGING SOURCE | |
| Original cataloging agency | DLC |
| Transcribing agency | DLC |
| Modifying agency | DLC |
| 043 ## - GEOGRAPHIC AREA CODE | |
| Geographic area code | a-ii--- |
| 082 00 - DEWEY DECIMAL CLASSIFICATION NUMBER | |
| Classification number | 301 |
| Item number | SRI |
| 245 04 - TITLE STATEMENT | |
| Title | The Fieldworker and the field : |
| Remainder of title | problems and challenges in sociological investigation / |
| Statement of responsibility, etc. | edited by M.N. Srinivas, A.M. Shah, E.A. Ramaswamy. |
| 260 ## - PUBLICATION, DISTRIBUTION, ETC. (IMPRINT) | |
| Place of publication, distribution, etc. | Delhi : |
| Name of publisher, distributor, etc. | Oxford University Press, |
| Date of publication, distribution, etc. | 1979. |
| 300 ## - PHYSICAL DESCRIPTION | |
| Extent | xii, 288 p. ; |
| Dimensions | 23 cm. |
| 504 ## - BIBLIOGRAPHY, ETC. NOTE | |
| Bibliography, etc | Includes bibliographies and index. |
| 650 #0 - SUBJECT ADDED ENTRY--TOPICAL TERM | |
| Topical term or geographic name as entry element | Sociology |
| General subdivision | Methodology. |
| 650 #0 - SUBJECT ADDED ENTRY--TOPICAL TERM | |
| Topical term or geographic name as entry element | Social sciences |
| General subdivision | Fieldwork. |
| 650 #0 - SUBJECT ADDED ENTRY--TOPICAL TERM | |
| Topical term or geographic name as entry element | Social sciences |
| General subdivision | Fieldwork |
| Geographic subdivision | India. |
| 700 1# - ADDED ENTRY--PERSONAL NAME | |
| Personal name | Srinivas, Mysore Narasimhachar. |
| 700 1# - ADDED ENTRY--PERSONAL NAME | |
| Personal name | Shah, A. M., |
| Dates associated with a name | 1931-2020. |
| 700 1# - ADDED ENTRY--PERSONAL NAME | |
| Personal name | Ramaswamy, E. A. |
| 906 ## - LOCAL DATA ELEMENT F, LDF (RLIN) | |
| a | 7 |
| b | cbc |
| c | orignew |
| d | 4 |
| e | ncip |
| f | 19 |
| g | y-gencatlg |
| 942 ## - ADDED ENTRY ELEMENTS (KOHA) | |
| Source of classification or shelving scheme | Dewey Decimal Classification |
| Koha item type | Books |
| Withdrawn status | Lost status | Source of classification or shelving scheme | Damaged status | Not for loan | Home library | Current library | Date acquired | Total Checkouts | Full call number | Barcode | Date last seen | Price effective from | Koha item type |
|---|---|---|---|---|---|---|---|---|---|---|---|---|---|
| Dewey Decimal Classification | County Hall Archives | County Hall Archives | 06/19/2023 | 301 SRI | 10000993 | 06/19/2023 | 06/19/2023 | Books |
